[Event "Foment Martinenc op-C 23rd"]
[Site "Barcelona"]
[Date "2023.04.22"]
[Round "1"]
[White "Aponte Garcia, Cristian Andres"]
[Black "Morros Armengol, Gerard"]
[Result "0-1"]
[WhiteElo "1279"]
[BlackElo "1420"]
[PlyCount "58"]
[EventDate "2023.04.22"]
[EventType "swiss"]
[EventRounds "9"]
[EventCountry "ESP"]
[SourceTitle "EXT 2024"]
[Source "ChessBase"]
[SourceDate "2023.10.10"]
[SourceVersion "1"]
[SourceVersionDate "2023.10.10"]
[SourceQuality "1"]

1. d4 g6 2. Nf3 Bg7 3. e4 Nf6 4. Bd3 0-0 5. 0-0 d5 6. e5 Nfd7 7. Bf4 e6 8. Qd2 Nc6 9. c3 f6 10. Bh6 fxe5 11. dxe5 Ndxe5 12. Nxe5 Nxe5 13. Be2 Bd7 14. Bxg7 Kxg7 15. Qd4 Qf6 16. f4 Nc6 17. Qf2 e5 18. g3 exf4 19. Qxf4 Qxf4 20. gxf4 Rae8 21. Bb5 a6 22. Ba4 Re2 23. b4 Rfe8 24. Na3 Bh3 25. Rfd1 Rg2+ 26. Kh1 Ree2 27. Bb3 Rxh2+ 28. Kg1 Reg2+ 29. Kf1 Rh1# 0-1

[Event "Sant Andreu Tram-D"]
[Site "Barcelona"]
[Date "2019.10.19"]
[Round "5.1"]
[White "Fontela Hidalgo, Victor"]
[Black "Morros Armengol, Gerard"]
[Result "0-1"]
[WhiteElo "1562"]
[BlackElo "1432"]
[PlyCount "112"]
[EventDate "2019.09.14"]
[EventType "tourn"]
[EventRounds "9"]
[EventCountry "ESP"]
[SourceTitle "EXT 2024"]
[Source "ChessBase"]
[SourceDate "2023.10.10"]
[SourceVersion "1"]
[SourceVersionDate "2023.10.10"]
[SourceQuality "1"]

1. e4 d6 2. d4 g6 3. f4 Bg7 4. Nf3 Bg4 5. Bc4 e6 6. 0-0 Ne7 7. c3 Nd7 8. h3 Bxf3 9. Qxf3 Nb6 10. Bd3 d5 11. e5 0-0 12. Na3 a6 13. Nc2 Rc8 14. Ne3 c5 15. Ng4 cxd4 16. Nf6+ Bxf6 17. exf6 Nc6 18. cxd4 Qxf6 19. Be3 Nb4 20. Bb1 Nc4 21. f5 Nxe3 22. Qxe3 exf5 23. Qg3 Qxd4+ 24. Kh1 Kh8 25. a3 Nc2 26. Ra2 Qc4 27. Rc1 Rfe8 28. b3 Qe2 29. Raxc2 Rxc2 30. Bxc2 Rc8 31. Qd6 Kg7 32. Qxd5 Rxc2 33. Qd4+ Kh6 34. Qh4+ Kg7 35. Qd4+ f6 36. Qd7+ Kh6 37. Rxc2 Qxc2 38. Qxb7 Qc1+ 39. Kh2 Qxa3 40. Qb6 Kg5 41. Qe3+ f4 42. Qf3 Qd6 43. Qg4+ Kh6 44. Qh4+ Kg7 45. Kh1 Qd1+ 46. Kh2 Qxb3 47. Qxf4 Qb7 48. Qd6 a5 49. h4 Qa7 50. h5 a4 51. h6+ Kxh6 52. Qxf6 a3 53. Qf8+ Kg5 54. Qd8+ Kh5 55. Qd5+ g5 56. Qf7+ Qxf7 0-1

[Event "Moia op 2nd"]
[Site "Moia"]
[Date "2013.09.20"]
[Round "1"]
[White "Sole Balaguer, Josep M"]
[Black "Morros Armengol, Gerard"]
[Result "1-0"]
[WhiteElo "1762"]
[BlackElo "1405"]
[PlyCount "91"]
[EventDate "2013.09.20"]
[EventType "swiss"]
[EventRounds "8"]
[EventCountry "ESP"]
[SourceTitle "EXT 2015"]
[Source "ChessBase"]
[SourceDate "2014.11.20"]
[SourceVersion "1"]
[SourceVersionDate "2014.11.20"]
[SourceQuality "1"]

1. d4 d6 2. c4 g6 3. Nc3 Bg7 4. e3 Nd7 5. Nf3 b6 6. Bd3 Bb7 7. 0-0 Ngf6 8. Re1 0-0 9. h3 h5 10. e4 e5 11. Bg5 Re8 12. d5 a5 13. a4 Nc5 14. Rc1 Qd7 15. Be3 c6 16. Bxc5 bxc5 17. Qc2 Bh6 18. Rcd1 Kg7 19. dxc6 Bxc6 20. b3 Rh8 21. Nd5 Bxd5 22. cxd5 g5 23. Bb5 Qc8 24. Qc3 g4 25. Nh4 Kf8 26. Qd3 gxh3 27. Qxh3 Qxh3 28. gxh3 Rg8+ 29. Kh1 Bf4 30. Nf5 Rd8 31. Bd3 Nh7 32. Rg1 Ng5 33. h4 Nh3 34. Rxg8+ Kxg8 35. Kg2 Rb8 36. Bb5 Ng5 37. hxg5 Bxg5 38. Nxd6 Kg7 39. Nc4 Rh8 40. Nxe5 Bf4 41. Nf3 Kg6 42. d6 Kf6 43. d7 Rd8 44. Rd5 Ke7 45. Rxc5 Rg8+ 46. Kh3 1-0